Library Banner

Civil law cases [CLC, Vol.X:V, 2023] / (Record no. 133746)

MARC details
000 -LEADER
fixed length control field 00375nam a2200133 4500
005 - DATE AND TIME OF LATEST TRANSACTION
control field 20240408095956.0
008 - FIXED-LENGTH DATA ELEMENTS--GENERAL INFORMATION
fixed length control field 240408b ||||| |||| 00| 0 eng d
040 ## - CATALOGING SOURCE
Transcribing agency PK-LaUMT
082 ## - DEWEY DECIMAL CLASSIFICATION NUMBER
Classification number 346.00264P
Item number CIV-
245 ## - TITLE STATEMENT
Title Civil law cases [CLC, Vol.X:V, 2023] /
Statement of responsibility, etc edited by Muhammad Wahaj Azhar
260 ## - PUBLICATION, DISTRIBUTION, ETC. (IMPRINT)
Place of publication, distribution, etc Lahore :
Name of publisher, distributor, etc PLD Publishers,
Date of publication, distribution, etc 2023
300 ## - PHYSICAL DESCRIPTION
Extent 3 vols.
942 ## - ADDED ENTRY ELEMENTS (KOHA)
Koha item type Books
Holdings
Withdrawn status Lost status Damaged status Home library Current library Date acquired Full call number Barcode Date last seen Copy number Price effective from Koha item type
      UMT Main Campus UMT Main Campus 2024-04-08 346.00264P CIV- 146492 2024-04-08 Vol.1 2024-04-08 Books
      UMT Main Campus UMT Main Campus 2024-04-08 346.00264P CIV- 146493 2024-04-08 Vol.2 2024-04-08 Books
      UMT Main Campus UMT Main Campus 2024-04-08 346.00264P CIV- 146494 2024-04-08 Vol.3 2024-04-08 Books